000
00391nam a2200193Ia 4500
003
IT-RoPAU
008
120407s9999 xx 000 0 und d
040
_a
IT-RoPAU
040
_c
IT-RoPAU
041
_a
ita
100
_a
Belli
245
_a
Il fiore della poesia Romanesca
300
_c
cm
490
_v
1
700
_a
Pascarella
710
_a
…
942
_c
BK
999
_c
14302
_d
14302